• 首页
  • 本馆介绍
  • 公告通知
  • 最新文献
  • 馆藏检索
  • 电子资源
  • 读者导购
  • 参考咨询
  • 我的图书馆
  • 登录
  • 详细信息显示
  • 放入我的书架
  • 预约/预借图书
  • 作者相关作品
  • 分类相关作品
  • 丛书相关作品
  • 出版社相关作品

书目信息

  • 表格格式
  • 工作单格式
  • 卡片格式
题名:
社会舆论与媒介传播
    
 
作者: 毕一鸣 , 骆正林 著
分册:  
出版信息: 北京   中国广播电视出版社  2012.01
页数: 299页
开本: 24cm
丛书名: 新闻与传播学应用系列丛书
单 册:
中图分类: C912.63 , G206.2
科图分类:
主题词: 舆论--研究 , 传播媒介--研究 , 舆论 , 传播媒介
电子资源:
ISBN: 978-7-5043-6552-1
000 01210oam2 2200325 450
001 005217664
005 20130627100307.01
010    @a978-7-5043-6552-1@dCNY39.00
100    @a20120214d2012 em y0chiy0110 ea
101 0  @achi
102    @aCN@b110000
105    @aa z 000yy
106    @ar
200 1  @a社会舆论与媒介传播@9she hui yu lun yu mei jie chuan bo@f毕一鸣,骆正林著
210    @a北京@c中国广播电视出版社@d2012.01
215    @a299页@c图,照片@d24cm
225 1  @a新闻与传播学应用系列丛书@f毕一鸣主编
312    @a封底英文题名:Social public opinion and media communication
330    @a本书分为上下两篇,涵盖了舆论的起源与发展、特征与功能,意见传播与舆论形成,公共决策与舆论测量,以及媒介环境与舆论氛围,汇聚舆情的大众媒介,引导舆论的传播媒介,舆论监督的公共媒介,国内、国际舆论的媒介传播等方面的内容。
510 1  @aSocial public opinion and media communication@zeng
606 0  @a舆论@x研究
606 0  @a传播媒介@x研究
606 0  @a舆论
606 0  @a传播媒介
690    @aC912.63@v5
690    @aG206.2@v5
701  0 @a毕一鸣@9bi yi ming@f(1949~)@4著
701  0 @a骆正林@9luo zheng lin@f(1969~)@4著
801  0 @aCN@bNLC@c20120406
905    @b546696-700@dC912.63@e826@f5
    
    社会舆论与媒介传播/毕一鸣,骆正林著.-北京:中国广播电视出版社,2012.01
    299页:图,照片;24cm.-(新闻与传播学应用系列丛书/毕一鸣主编)
    
    
    ISBN 978-7-5043-6552-1:CNY39.00
    本书分为上下两篇,涵盖了舆论的起源与发展、特征与功能,意见传播与舆论形成,公共决策与舆论测量,以及媒介环境与舆论氛围,汇聚舆情的大众媒介,引导舆论的传播媒介,舆论监督的公共媒介,国内、国际舆论的媒介传播等方面的内容。
●
相关链接 在E读中查询图书 在五车中查询图书 在当当中查询图书 在豆瓣中查询图书


正题名:社会舆论与媒介传播     索取号:C912.63/826         预约/预借

序号 登录号 条形码 馆藏地/架位号 状态 备注
1 546696   205466967   第一样本阅览室/ [索取号:C912.63/826] 在馆    
2 546697   205466976   第一借阅区/ [索取号:C912.63/826] 在馆    
3 546698   205466985   第一借阅区/ [索取号:C912.63/826] 在馆    
4 546699   205466994   第一借阅区/ [索取号:C912.63/826] 在馆    
5 546700   205467001   中文系资料室/ [索取号:C912.63/826] 在馆    
唐山师范学院图书馆 欢迎您!
大连网信软件有限公司© 版权所有